Top 25 most dangerous animals Quiz Stats

 Plays Quiz not verified by Sporcle

Score 0/25 Timer 10:00
0 Plays Today
Description Animal % Correct
No. 2 The world’s largest land animal.African Elephant
91%
No.1 It's small but also deadly. It has been estimated that they transmit diseases to almost 700 million people annually resulting in 2-3 million deaths every year.Mosquito
85.9%
No. 3 In order to kill its food it make use of a technique called the “death roll” where it relentlessly flips its prey over and over in the water until it drowns.Saltwater Crocodile
83.2%
No. 14 While humans are generally not on their hit-list, some have been known to actively seek out human prey.African Lion
83.2%
No. 4 Although they are mostly herbivorous, they are also highly aggressive and are widely regarded as one of the most dangerous animals in Africa.Hippopotamus
80.4%
No. 19 In Africa, it's the source of numerous myths and legends and is widely known for being highly aggressive, very fast, and attacking without provocation.Black Mamba
73.9%
No. 20 Legendary predators which are terrible at distinguishing between the edible and the non-edible.They sample buoys, boats, surfboards, humans butt hey really aren’t man-eateGreat White Shark
72.3%
No. 11 Known for their 'laugh'.Hyena
64.7%
No. 6 They are mainly found in tropical South America, with one species in Central America.Brazilian Wandering Spider
61.4%
No. 17 Packed into 2 inches of colourful amphibian is enough poison to kill an army of 20,000 mice. Roughly 2 micrograms could successfully stop the heart of a large animal. Poison Dart Frog
60.6%
No. 15 Its venom is so potent in fact, that in some cases treatment consists of little more than last minute CPR.Box Jellyfish
60.3%
No. 8 One of the top five big cats.Leopard
59.2%
No. 16 Unlike most other animals on this list, the world’s largest carnivore is not afraid of you. It has no natural predators and will eat anything that is even slightly meaty.Polar bear
59%
Description Animal % Correct
No. 25 Is highIy venomous and resides primarily in North Africa and the Middle East. Healthy adults usually feel unbearable pain when stung.Deathstalker
53.3%
No. 9 The primary carrier of African Sleeping Sickness and is therefore indirectly responsible for killing up to a quarter of a million people every year.Tse Tse Fly
48.4%
No. 24 They're much more aggressive than their European counterparts. They can chase their victims for miles.Africanized Honey Bee
48.4%
No. 5 It's about the size of a golf ball and holds enough venom to kill 26 full grown adults and has no antidote.Blue Ringed Octopus
47.3%
No. 21 It lies camouflaged on the ocean floor waiting for fish to swim by before opening its jaws and eating its pray. Its poisoned spines could kill you!Stonefish
46.2%
No. 18 Is a highly unpredictable creature that does not play nice with humans. It's responsible for more fatalities than any other large animal in Africa.Cape Buffalo
41%
No. 23 They have terrible eyesight but are easy to startle and once they have you in their sights it can be hard to make an escape.Rhinoceros
36.1%
No. 10 They will eat anything from birds to water buffalos to humans and they have even been known to dig up bodies from shallow graves.Komodo Dragon
34.8%
No. 22 One drop of venom is enough to end 20 human lives. It stings!Cone Snail
31.3%
No. 12 It's poison will paralyze your diaphragm and stop your breathingPuffer Fish
28%
No. 7 They have a characteristic threat display, rubbing sections of their body together to produce a 'sizzling' warning sound.Carpet Viper
17.9%
No. 13 It's venom is a hemotoxin that disables blood clotting. In others words, its victims slowly die as they bleed out from every pore in their body.Boomslang snake
15.8%

You're not logged in!

Compare scores with friends on all Sporcle quizzes.
OR
Log In

Sporcle TV

Today on Sporcle TV


Watch our educational content, quiz creation guides, and fun videos on Sporcle TV.

Show Comments

Extras

Top Quizzes Today


Score Distribution

Your Account Isn't Verified!

In order to create a playlist on Sporcle, you need to verify the email address you used during registration. Go to your Sporcle Settings to finish the process.

Report this User

Report this user for behavior that violates our Community Guidelines.

Details: